00582nam a2200181Ia 4500008004100000020001400041245008200055260001900137516002000156650001400176650001300190650002700203830001000230856005400240942000700294999001900301952008000320140925s9999 xx 000 0 und d a2322-3537 aInternational journal of applied exercise physiology /h[electronic resource] bIJAEP,cc2013. aElectronic text aExercise. aJournal. aSports and Recreation. aIJAEP uhttp://www.ijaep.com/index.php/IJAE/issue/current cEJ c275861d275861 001040aCLbCLd0000-00-00l0pEJ0258r2014-09-25 00:00:00w2014-09-25yEJ